| 000 | 00747cam a2200217 4500 | ||
|---|---|---|---|
| 001 | WS106547 | ||
| 008 | 000000n 000 0 eng u | ||
| 035 | _a(Sirsi) u106547 | ||
| 110 |
_aCountryside Council for Wales _91619 |
||
| 245 | _aCountryside Council for Wales | ||
| 520 | _aWeb site for the Welsh organisation for the protection of the natural environment. Includes details of publications, a newsletter and current research. | ||
| 650 | _aWALES | ||
| 650 | _aWILDLIFE | ||
| 650 |
_aEnvironment _96238 |
||
| 650 | _aGOVERNMENT | ||
| 650 | _aHABITATS | ||
| 650 | _aNATURE CONSERVATION | ||
| 690 | _aRURAL-NATURE CONSERVATION | ||
| 856 | 4 | 0 |
_uhttps://www.ccw.gov.uk _zView the website free of charge at www.ccw.gov.uk... |
| 942 | _n0 | ||
| 999 |
_c119485 _d119485 |
||